Online Catalogue and eLibrary

Historiography in a time of ethnic conflict : (Record no. 3480)

MARC details
000 -LEADER
fixed length control field 00520nam a2200181Ia 4500
005 - DATE AND TIME OF LATEST TRANSACTION
control field 20250214041103.0
008 - FIXED-LENGTH DATA ELEMENTS--GENERAL INFORMATION
fixed length control field 240331s9999 xx 000 0 und d
020 ## - INTERNATIONAL STANDARD BOOK NUMBER
ISBN 9559102060
082 ## - DDC Classification
Item Number - Author Mark GUN
Class No. 954.93
100 ## - MAIN ENTRY--PERSONAL NAME
Personal name Gunawardana, R.A.L.H
245 #0 - TITLE STATEMENT
Title Historiography in a time of ethnic conflict :
Remainder of title construction of the past in contemporary Sri Lanka
260 ## - PUBLICATION, DISTRIBUTION, ETC.
Place of publication, distribution, etc. Colombo
Name of publisher, distributor, etc. Social Scientists Association
Date of publication, distribution, etc. 1995
300 ## - PHYSICAL DESCRIPTION
Extent (e.g. Volumes, Pages etc.) 69 p .,
650 ## - SUBJECT ADDED ENTRY--TOPICAL TERM
Topical term or geographic name entry element Politics
650 ## - SUBJECT ADDED ENTRY--TOPICAL TERM
Topical term or geographic name entry element Cultural
650 ## - SUBJECT ADDED ENTRY--TOPICAL TERM
Topical term or geographic name entry element History
942 ## - Koha item type (Biblio)
Koha item type Books in Stacks (Lending)
Holdings
Lost status Damaged status Collection code Home library Current library Shelving location Date acquired Full call number Accession Number Item type
    Lending WERC Library WERC Library Social Science Cupboard 03/31/2024 954.93 GUN 4053 Books in Stacks (Lending)

© WERC Library